| 000 | 00630nam a2200193 a 4500 | ||
|---|---|---|---|
| 001 | BRCA_7225 | ||
| 005 | 20190320205746.0 | ||
| 008 | 180112s1820----mx-ab#####---#000-0#spa-# | ||
| 041 | _aspa | ||
| 044 | _amx | ||
| 050 | 4 |
_aF1386 _b.Z86 |
|
| 100 | 1 |
_aZúñiga y Ontiveros, Mariano _d1795-1825? _917905 |
|
| 245 | 1 | 0 |
_aCalendario manual y guía de forasteros en Méjico para el año de 1820 bisiesto _cpor Don Mariaño de Zuñiga y Ontiveros. |
| 260 |
_aMéxico _bOficina del autor _c[1820?] |
||
| 300 |
_a246 p. _bil., mapas |
||
| 651 | 4 |
_aMéxico (Ciudad) _vGuia de viajeros _xDescripción _917906 |
|
| 902 | _aGFM | ||
| 942 |
_2lcc _cB |
||
| 999 |
_c6906 _d6906 |
||